| 000 | 00360nam a22001577a 4500 | ||
|---|---|---|---|
| 003 | SGT | ||
| 020 | _a978-81-8445-146-7 | ||
| 082 |
_a614.1 _bF14D |
||
| 100 | _aDIKSHIT, P.C | ||
| 245 | _aTEXT BOOK OF FORENSIC MEDICINE AND TOXICOLOGY | ||
| 250 | _a2ND | ||
| 260 |
_aNEW DELHI _bPEEPEE PUB _c2014 |
||
| 300 | _a632 | ||
| 650 | _aAYURVEDA | ||
| 942 |
_2ddc _cBK _06 |
||
| 999 |
_c11640 _d11640 |
||